<The> Application of neoclassical economic theory and new institutional economic theory to creation of rules Corporate Governance
Teoretické aspekty korporátnej vlády. Porovnanie základných princípov neoklasickej a novej inštitucionálnej ekonomickej teórie (metodológia, racionalita, informovanosť,...). Otázky etiky, morálky a rovnováhy na trhu.
Gespeichert in:
| 1. Verfasser: | |
|---|---|
| Format: | Buchkapitel |
| Sprache: | Englisch |
| Schlagworte: | |
| Tags: |
Keine Tags, Fügen Sie das erste Tag hinzu!
|
MARC
| LEADER | 00000nla a2200000 4500 | ||
|---|---|---|---|
| 001 | 0197321 | ||
| 005 | 20240502073333.3 | ||
| 041 | 0 | |a eng | |
| 044 | |a SK | ||
| 245 | 1 | 0 | |a <The> Application of neoclassical economic theory and new institutional economic theory to creation of rules Corporate Governance |c Dušan Steinhauser |
| 520 | |a Teoretické aspekty korporátnej vlády. Porovnanie základných princípov neoklasickej a novej inštitucionálnej ekonomickej teórie (metodológia, racionalita, informovanosť,...). Otázky etiky, morálky a rovnováhy na trhu. | ||
| 610 | 2 | 0 | |a korporativizmus |
| 610 | 2 | 0 | |a ekonómia inštitucionálna |
| 610 | 2 | 0 | |a rovnováha |
| 610 | 2 | 0 | |a etika hospodárska |
| 610 | 2 | 0 | |a morálka |
| 100 | 1 | |a Steinhauser, Dušan, 1988- | |